000 00217nam a2200097Ia 4500
008 190216s9999||||xx |||||||||||||| ||und||
100 _aMuttathu Varkey
245 0 _aThekkan Kattu
260 _bNull
942 _cBK
999 _c24612
_d24612